Assam General Knowledge/ (Record no. 203595)

MARC details
000 -LEADER
fixed length control field 00697nam a22002057a 4500
005 - DATE AND TIME OF LATEST TRANSACTION
control field 20240614115017.0
010 ## - LCCN (DPL NO)
LC control number ENG-140620
020 ## - INTERNATIONAL STANDARD BOOK NUMBER
Terms of availability 465.00
International Standard Book Number 9788119896417
035 ## - SYSTEM CONTROL NUMBER
System control number EN-124152
037 ## - SOURCE OF ACQUISITION
Source of stock number/acquisition DBAD
082 ## - DEWEY DECIMAL CLASSIFICATION NUMBER
Classification number 954.51
Edition number 1
100 ## - MAIN ENTRY--PERSONAL NAME
Personal name Gogoi, Anshuman
245 ## - TITLE STATEMENT
Title Assam General Knowledge/
Statement of responsibility, etc By Anshuman Gogoi [and] Madhusmita Phukan
250 ## - EDITION STATEMENT
Edition statement 1
260 ## - PUBLICATION, DISTRIBUTION, ETC. (IMPRINT)
Place of publication, distribution, etc Noida
Name of publisher, distributor, etc Pearson India Education Pvt Ltd
Date of publication, distribution, etc 2024
270 ## - ADDRESS
Address 1st Floor, Berger Tower, Plot No. C-001/2, Sector 16B
City Noida
Postal code 201301
Electronic mail address companysecretary.india@pearson.com
300 ## - PHYSICAL DESCRIPTION
Extent xxxiii+vp.
Dimensions 23cm(pbk)
700 ## - ADDED ENTRY--PERSONAL NAME
Personal name Phukan, Madhusmita
Relator term Author
9 (RLIN) 67483
942 ## - ADDED ENTRY ELEMENTS (KOHA)
Source of classification or shelving scheme Dewey Decimal Classification
Item type English Books
Classification part 954.51
Call number suffix GOG
Edition 1
Holdings
Withdrawn status Lost status Not for loan Collection code Home library Current library Date acquired Source of acquisition Cost, normal purchase price Full call number Barcode Copy number Cost, replacement price Koha item type
      Non-fiction Central Library Central Library 14/06/2024 DBAD 465.00 954.51 GOG EN-124152 1 465.00 English Books

© Delhi Public Library
Hit Counter
free hit counter